| Tag |
First Indicator |
Second Indicator |
Subfields |
| LEADER |
00000cam a2200000 a 4500 |
| 001 |
in00003346513 |
| 006 |
m o d |
| 007 |
cr cn||||||||| |
| 008 |
130131s2013 enka ob 001 0 eng d |
| 005 |
20250816222807.5 |
| 010 |
|
|
|z 2012048584
|
| 020 |
|
|
|z 9780199858309 (paperback)
|
| 020 |
|
|
|z 9780199858286
|
| 020 |
|
|
|z 9780199858293 (e-book)
|
| 035 |
|
|
|a (CaPaEBR)ebr10733347
|
| 035 |
|
|
|a (OCoLC)852898514
|
| 040 |
|
|
|a CaPaEBR
|c CaPaEBR
|d UtOrBLW
|
| 043 |
|
|
|a a-ch---
|
| 050 |
1 |
4 |
|a PN1995
|b .T795 2013eb
|
| 082 |
0 |
4 |
|a 791.43/611
|2 23
|
| 100 |
1 |
|
|a Tweedie, James,
|d 1969-
|
| 245 |
1 |
4 |
|a The age of new waves :
|b art cinema and the staging of globalization /
|c James Tweedie.
|
| 264 |
|
1 |
|a Oxford ;
|a New York :
|b Oxford University Press,
|c 2013.
|
| 300 |
|
|
|a 1 online resource (viii, 366 pages) :
|b illustrations
|
| 336 |
|
|
|a text
|b txt
|2 rdacontent
|
| 337 |
|
|
|a computer
|b c
|2 rdamedia
|
| 338 |
|
|
|a online resource
|b cr
|2 rdacarrier
|
| 504 |
|
|
|a Includes bibliographical references and index.
|
| 505 |
0 |
|
|a Introduction: youth, cities, and the globalization of art cinema. The mise en scène of modernity: the French New Wave, Paris, and the global 1960s -- Walking in the city -- New wave futures -- The urban archipelago: Taiwan's new wave and the East Asian economic boom -- Morning in the megacity: Taiwan and the globalization of the city film -- The haunting of Taipei -- Chinese cinema in a world of flows: the new wave in the P.R.C. -- The fifth generation and the youth of China -- On living in a young city.
|
| 500 |
|
|
|a Electronic resource.
|
| 650 |
|
0 |
|a New wave films
|x History and criticism.
|
| 650 |
|
0 |
|a New wave films
|z Taiwan
|x History and criticism.
|
| 650 |
|
0 |
|a Motion pictures and globalization.
|
| 655 |
|
7 |
|a Electronic books.
|2 local
|
| 710 |
2 |
|
|a ebrary, Inc.
|
| 856 |
4 |
1 |
|u https://ebookcentral.proquest.com/lib/tamucs/detail.action?docID=3055443
|y Connect to the full text of this electronic book
|t 0
|
| 980 |
|
|
|a 130904
|b 139.95
|c USD
|e 139.95
|f YBP_EBR0000068233
|g 1
|
| 999 |
f |
f |
|s fe5a1bf2-b426-3e6e-a81f-95f5d988fe2b
|i 917f8427-5d5a-3e23-898c-619927a0f310
|t 0
|
| 999 |
|
|
|a MARS
|
| 952 |
f |
f |
|a Texas A&M University
|b College Station
|c Electronic Resources
|d Available Online
|t 0
|e PN1995 .T795 2013eb
|h Library of Congress classification
|
| 998 |
f |
f |
|a PN1995 .T795 2013eb
|t 0
|l Available Online
|